000 01024nam a22001937a 4500
003 JO-AjAnu
005 20240708090202.0
008 240706b jo ||||| |||| 00| 0 ara d
040 _cJO-AjAnu
041 _aara
100 1 _aالفريح، علاء علي احمد
_966004
_eمعد
245 0 _aاثر التحول الرقمي في تحسين جودة الخدمات دائرة الجمارك الاردنية = The impact of Digital Transformation improving Quality of Services at the jordanian customs Department /
_cاعداد علاء علي احمد الفريح ؛ إشراف محمد عبد حسين الطائي
260 _c2024
300 _a93 ورقة
500 _a رسالة جامعية (ماجستير) .- جامعة عجلون الوطنية (عجلون، الأردن)، كلية الأعمال ، تخصص ادارة الاعمال ، 2024
650 7 0 _aالجمارك - الاردن
_946370
700 1 _aالطائي، محمد عبد حسين
_eمشرف
_965994
942 _2lcc
_cTHS
_n0
999 _c33558
_d33558